| 000 | 02535cam a2200373 a 4500 | ||
|---|---|---|---|
| 999 |
_c330069 _d330069 |
||
| 001 | 14974310 | ||
| 003 | NUST | ||
| 005 | 20170607111940.0 | ||
| 008 | 070821s2007 dcua b 001 0 eng | ||
| 010 | _a 2007034632 | ||
| 020 | _a9781929223664 (pbk. : alk. paper) | ||
| 035 | _a(OCoLC)ocn166290722 | ||
| 040 |
_aDLC _cDLC _dBAKER _dBTCTA _dC#P _dYDXCP _dVVC _dHEBIS _dDLC |
||
| 050 | 0 | 0 |
_aJZ6010 _b.P42 2007 |
| 082 | 0 | 0 |
_a327.172 _222 _bPEA 2007 |
| 245 | 0 | 0 |
_aPeacemaking in international conflict : _bmethods & techniques / _cI. William Zartman, editor. |
| 250 | _aRev. ed. | ||
| 260 |
_aWashington, D.C. : _bUnited States Institute of Peace, _c2007. |
||
| 300 |
_aix, 505 p. : _bill. ; _c23 cm. |
||
| 504 | _aIncludes bibliographical references and index. | ||
| 505 | 0 | _aThe conflict resolution field: origins, growth, and differentiation / Louis Kriesberg -- Social-psychological dimensions of international conflict / Herbert C. Kelman -- Negotiating in the international context / Daniel Druckman -- Mediation in international conflicts: theory, practice, and developments / Jacob Bercovitch -- Adjudication: international arbitral tribunals and courts / Richard B. Bilder -- Interactive conflict resolution / Ronald J. Fisher -- Religion and peacebuilding / Cynthia Sampson -- Addressing conflict through education / Pamela R. Aall, Jeffrey W. Helsing, Alan C. Tidwell -- Dealing with conflict: the contributions of training / George F. Ward Jr., J. Michael Lekson -- Sanctions and stability pacts: the economic tools of peacemaking / David Cortright -- The role of force in peacemaking / Jane Hall Lute. | |
| 650 | 0 |
_aPacific settlement of international disputes. _92139 |
|
| 650 | 0 |
_aDiplomatic negotiations in international disputes. _92140 |
|
| 650 | 0 |
_aMediation, International. _92141 |
|
| 650 | 0 |
_aArbitration (International law) _92142 |
|
| 650 | 0 |
_aConflict management _xMethodology. _92143 |
|
| 700 | 1 |
_aZartman, I. William. _92144 |
|
| 856 | 4 | 1 |
_3Table of contents only _uhttp://www.loc.gov/catdir/toc/ecip0725/2007034632.html |
| 906 |
_a7 _bcbc _corignew _d1 _eecip _f20 _gy-gencatlg |
||
| 942 |
_2ddc _cBK |
||